Normal view
MARC view
- Zahra, Shaker A.
Entry Personal Name
001 - CONTROL NUMBER
- control field: 6777
003 - CONTROL NUMBER IDENTIFIER
- control field: OSt
005 - DATE AND TIME OF LATEST TRANSACTION
- control field: 20170522120210.0
008 - FIXED-LENGTH DATA ELEMENTS
- fixed length control field: 170522|| aca||aabn | a|a d
040 ## - CATALOGING SOURCE
- Original cataloging agency: OSt
- Transcribing agency: OSt
100 ## - HEADING--PERSONAL NAME
- Personal name: Zahra, Shaker A.
670 ## - SOURCE DATA FOUND
- Source citation: Work cat.: (OSt): Pearce, John A. 6721, An industry approach to cases in strategic management /, 1989.

PORTAL AKMAL
E-MEL JKDM
AKMAL2U
G-BAM
u-PUSTAKA